Best NBA Players For Each Letter - Statistics

General Stats
  • This quiz has been taken 58 times
  • The average score is 9 of 26
Answer Stats
Hint Answer % Correct
L LeBron James
91%
M Michael Jordan
84%
S Steph Curry
72%
K Kareem Abdul-Jabbar
70%
W Wilt Chamberlain
56%
T Tim Duncan
53%
A Allen Iverson
49%
B Bill Russell
44%
J Julius Erving
44%
Y Yao Ming
44%
O Oscar Robertson
40%
R Russell Westbrook
40%
D Dirk Nowitzki
35%
H Hakeem Olajuwon
35%
G Giannis Antetokounmpo
30%
N Nikola Jokic
30%
I Isiah Thomas
26%
C Charles Barkley
23%
Z Zydrunas Ilgauskas
16%
E Elvin Hayes
12%
V Vince Carter
12%
P Patrick Ewing
9%
U Udonis Haslem
9%
X Xavier McDaniel
5%
F Fred VanVleet
2%
Q Quentin Richardson
2%
No matching quizzes found
Score Distribution
Percent of People with Each Score
Percentile by Number Answered
Your Score History
You have not taken this quiz